Badminton oder Tennis Sudden Death - Statistiken

Allgemein
  • Dieses Quiz wurde 370 mal gespielt
  • Das Durchschnittsergebnis liegt bei 4 aus 6
Answers on the Grid
Answers color-coded by a green-red scale on the quiz's grid according to % correct below.
Ein runder Ball
Ein Ball mit Federn
Ein Schläger mit 300g
In der Halle
Mit Netz
Maximal bis 7 Punkte
Mindestens 2 Mal bis Einundzwanzig Punkte
Darf den Boden berühren
Ist bei Olympia
Lee Zi Jia war?
 
Antwortstatistiken
Antwort % Korrekt
Ein Ball mit Federn
93%
In der Halle
82%
Mit Netz
82%
Ist bei Olympia
70%
Mindestens 2 Mal bis Einundzwanzig Punkte
65%
Lee Zi Jia war?
56%
Keine übereinstimmenden Quizze gefunden
Verteilung der Resultate
Anzahl Personen mit jedem Resultat
Perzentil nach korrekt beantworteten Fragen
Ihre Resultats-Entwicklung
Sie haben dieses Quiz noch nicht gespielt